Leeds CC v Redrow Homes (Yorkshire) Ltd (Record no. 100384)

MARC details
000 -LEADER
fixed length control field 00968cam a2200169 4500
001 - CONTROL NUMBER
control field X105399
008 - FIXED-LENGTH DATA ELEMENTS--GENERAL INFORMATION
fixed length control field 000000n2000 000 0 eng u
035 ## - SYSTEM CONTROL NUMBER
System control number (Sirsi) u105399
245 ## - TITLE STATEMENT
Title Leeds CC v Redrow Homes (Yorkshire) Ltd
260 ## - PUBLICATION, DISTRIBUTION, ETC.
Date of publication, distribution, etc. 2000
490 ## - SERIES STATEMENT
Series statement Planning Appeal Decisions
Volume/sequential designation 15 PAD 150-156(7)
520 ## - SUMMARY, ETC.
Summary, etc. APP/N4720/A/99/1016436. Errection of 100 detached and demi-detached dwellings-garages-development plan review-structure plan-emerging unitary development plan-Gree Belt-whether site should be released from Green Belt-whether local demand for housing should be met more quickly-prematurity-thresholds for triggering development of affordable housing-PPGs and 1 and 2-determination in accordance with plan-led conclusions-conditions (Headnote from journal articlet)
650 ## - SUBJECT ADDED ENTRY--TOPICAL TERM
Topical term or geographic name entry element LEEDS CITY COUNCIL V REDROW HOMES (YORKSHIRE) LTD
650 ## - SUBJECT ADDED ENTRY--TOPICAL TERM
Topical term or geographic name entry element GREEN BELT
690 ## - LOCAL SUBJECT ADDED ENTRY--TOPICAL TERM (OCLC, RLIN)
Topical term or geographic name as entry element ENVIRONMENTAL AND LAND CONSULTANCY-PLANNING AND DEVELOPMENT
942 ## - ADDED ENTRY ELEMENTS (KOHA)
Suppress in OPAC 0
Holdings
Withdrawn status Lost status Source of classification or shelving scheme Damaged status Not for loan Home library Current library Shelving location Date acquired Total Checkouts Full call number Barcode Date last seen Copy number Price effective from Koha item type
    Dewey Decimal Classification     London London Journal article 17/04/2000   X105399 105399-1001 06/08/2019 1 06/08/2019 Law report